CO NOSI KOWBOJ RODEM Z WESTERNU? - Statystyki

Ogólne statystyki
  • Ten quiz został rozwiązany 50 razy
  • Średni wynik to 3 z 6
Statystyki odpowiedzi
Odpowiedź % Poprawnych
KAPELUSZ
95%
REWOLWER
61%
LASSO
49%
OSTROGI
41%
BUTY KOWBOJSKIE
10%
ODZNAKĘ
5%
Nie znaleziono quizów pasujących do podanych kryteriów
Rozkład punktacji
Procent ludzi z każdym wynikiem
Percentyl według liczby udzielonych odpowiedzi
Twoja historia wyników
Nie rozwiązałeś tego quizu